Normal view MARC view
  • Prefect, Ford

Entry Personal Name

Number of records used in: 4

001 - CONTROL NUMBER

  • control field: 11578

003 - CONTROL NUMBER IDENTIFIER

  • control field: NUST

005 - DATE AND TIME OF LATEST TRANSACTION

  • control field: 20180711120039.0

008 - FIXED-LENGTH DATA ELEMENTS

  • fixed length control field: 180711|| aca||aabn | a|a d

040 ## - CATALOGING SOURCE

  • Original cataloging agency: NUST
  • Transcribing agency: NUST

100 ## - HEADING--PERSONAL NAME

  • Personal name: Prefect, Ford
  • Form subdivision: Fiction.

670 ## - SOURCE DATA FOUND

  • Source citation: Work cat.: (NUST)0: Adams, Douglas, 1952-2001. 11576, So long, and thanks for all the fish /, 1984.
© 2023 Central Library, National University of Sciences and Technology. All Rights Reserved.